000 00531nam a2200157 a 4500
008 120416s0000 ||||||||||||||||| || u
020 _a0133079279
050 _aTJ 216 Phi
100 _aPhillips, Charles L
245 1 0 _aFeedback control systems
250 _a2nd ed
260 _aEnglewood Cliffs, N.J.
_bFT Prentice-Hall
_c1991
300 _axv, 664p. : ill
350 _a0.00
995 _D0.00
_FCBU-MAIN LIBRARY (Kitwe)
_H1
_I57.40
_M1
_UDAMAGED
_ZMain Library Open Access Collection
999 _c43205
_d43205